La actual situación en Guatemala

Salvato in:
Dettagli Bibliografici
Natura: testo
Soggetti:
Tags: Aggiungi Tag
Nessun Tag, puoi essere il primo ad aggiungerne!!

MARC

LEADER 00000 a a2200000 04500
001 17853
003
040
245 |a La actual situación en Guatemala  
650 |a ORGANIZACIONES POPULARES  
650 |a VIOLENCIA  
650 |a GUATEMALA  
773 |g volumen 3, número 25. (1979), páginas 194  
999 |c 28319  |d 28319 
773 0 |0 42391  |9 3996  |a Agencia Latinoamericana de Información, ALAI  |d Quito, Ecuador: ALAI  |o 03872  |t ALAI:  |x 08275564 (Servicio mensual de información y documentación)